| 000 | 00655nam a22002417a 4500 | ||
|---|---|---|---|
| 001 | sjds | ||
| 003 | sjds | ||
| 005 | 20220607165250.0 | ||
| 008 | 220607b sp ||||| |||| 00| 0 spa d | ||
| 020 | _a9788424617226 | ||
| 020 | _a8424617223 | ||
| 040 | _csjds | ||
| 041 | _aspa | ||
| 100 | 1 | 0 | _aDuran, Teresa |
| 245 | 1 | 3 |
_aEl zorro / _cTeresa Duran; ilustraciones de Alessandra d'Este; [version castellana, Xavier Blanch]. |
| 246 | _aEl zorro | ||
| 260 |
_aBarcelona : _bLa Galera, _c1995. |
||
| 300 |
_a[24] p. _b il. color ; _c 17 cm. |
||
| 440 | _aCuatro estaciones | ||
| 700 | 1 | _ad'Este, Alessandra | |
| 700 | 1 | _aBlanch, Xavier | |
| 942 | _cBK | ||
| 999 |
_c27050 _d27050 |
||